00476nam a22001577a 450000500170000001000150001702000260003203500140005803700130007208200060008510000310009124500510012226000430017327000800021630000220029620220804122512.0 aENG-134234 c465.00a9789390889228 aEN-117766 bDBAD/PUB aN aShastry, R. M. Prabhulinga aRegaining the novel/cR.M. Prabhulinga Shastry aDelhibPrakhar Goonj Publicationc2021 aH-3/2, Sector-18, RohinibDelhie110089k7982710571mprakhargoonj@gmail.com a314 p.c22cm(pbk)